000 00900cab a22002055a 4500
001 L135754
008 061208s2006 xxk f 000 0 eng d
035 _a(Sirsi) u135754
041 0 _aeng
100 1 _aKeeping, Michael
245 0 0 _aBusinesses setting the environmental agenda
260 _c2006
490 0 _aProperty Forecast
_v9(11) November 2006, 2-5(3)
520 _aDiscusses how environmental discourses are increasingly seeking solutions within the economic and business environment. Discusses current and future legislation affecting businesses, how businesses should take the initiative in developing sustainable practices, and the implications of current and future legislation on the property sector.
590 _aKA
650 2 4 _aDIRECTIVE 2002/91/EC
651 4 _aUnited Kingdom
_y
690 _aPROPERTY-PROPERTY DEVELOPMENT-SUSTAINABLE PROPERTY DEVELOPMENT
942 _n0
999 _c77984
_d77984